'The Hobbit' Dwarves Quiz Stats

 Plays Quiz Updated Mar 17, 2020

     
Support Sporcle.
Go Orange.
Score 0/13 Timer 03:00
14 Plays Today
Dwarf % Correct
Thorin Oakenshield
89.4%
Gloin
85.4%
Fili
78.7%
Kili
78.7%
Balin
77.7%
Oin
77.6%
Bombur
74.5%
Dwalin
70.2%
Bofur
70.2%
Bifur
68.3%
Nori
66%
Ori
66%
Dori
64.5%

From the Vault

Multiple 'N' Countries

by kfox

These countries shouldn't be so greedy with their consonants.
Remove Ads.
Support Sporcle.
Get the best of Sporcle when you Go Orange. This ad-free experience offers more features, more stats, and more fun while also helping to support Sporcle. Thank you for becoming a member.

Show Comments

Extras

Top Quizzes Today


Score Distribution

Your Account Isn't Verified!

In order to create a playlist on Sporcle, you need to verify the email address you used during registration. Go to your Sporcle Settings to finish the process.

Report this User

Report this user for behavior that violates our Community Guidelines.

Details: